000 00839nam a2200217Ia 4500
008 241004s9999 xx 000 0 und d
020 _a9788178543888
037 _aTextbook
040 _aARTS
_bhin
_cARTS
041 _ahin
_2hin
084 _aO15,1N20:g 152R1
_qARTS
100 _aशुक्ला, जया, ले.
245 _aसुधाकर शुक्ल की कृतियों में सांस्कृतिक चेतना
_cशुक्ला, जया, ले.
260 _aभारत
_bदिल्ली, ईस्टर्न बुक लिंकर्स,
_c2021
300 _a332पृ0
365 _aINR
_b900
546 _aTranslated from Sanskrit to Hindi
650 _aSanskrit Poetry
_9155567
942 _cTB
_hO15,1N20:g 152R1
999 _c1218682
_d1218682